000 00912ntaaa2200205 4500
003 01
005 20251027203343.0
008 0714s1973 ag 01
040 _aAR-BaBN
_bspa
_cAR-BaBN
_eaacr
_dRIC
100 _aChabrier, Emmanuel
_d1841-1894
_937483
245 _aDe "Gwendoline": Obertura ; De "Le Roi malgré lui": Danza eslava ; Joyeuse Marche ; España ; Suite Pastorale /
_cEmmanuel Chabrier
260 _aBuenos Aires :
_bViscontea [distribuidor],
_cc1979
300 _a1 disco son. (45 min., 31 seg.) ;
_canalógico, 33 1/3 rpm, estereo ; 12 plg.
490 _aLos grandes músicos ;
_v83
500 _aOrquesta de Radio Luxemburgo, Louis de Froment, director
500 _aFabricado por: CBS. Licencia de: Vox-Turnabout-MMG (The Moss Music Group)
500 _aDuraciones: 10 min., 4 seg. ; 4 min., 49 seg. ; 4 min., 23 seg. ; 6 min., 37 seg. ; 19 min., 38 seg.
650 _aMUSICA
942 _cBK
999 _c29059
_d29059